000 00929cam a2200253 4500
002 5824
008 000000n2000 000 0 eng u
020 _a1901171116
035 _a(Sirsi) u108648
050 _a692.8
_c18
110 _aAssociation of Consultant Architects
_91156
245 _aPPC2000 : ACA standard form of contract for project partnering.
260 _aBromley, Kent
_bACA
_c2000
300 _ax,54p.
_c30cm.
350 _a16
520 _aDrafted by David Mosey of Trowers and Hamlins with the aim of embracing the recommendations of the Egan Report and the Latham Report. "Introduction and Explanatory Notes" inserted inside front cover.
650 _aPPC 2000
650 _aPROJECT PARTNERING
650 _aBUILT ENVIRONMENT-BUILDING CONTRACT FORMS
650 _aSUPPLY CHAIN PARTNERING
650 _aCONSTRUCTION INDUSTRY
690 _aBUILT ENVIRONMENT-BUILDING CONTRACT FORMS
942 _n0
999 _c100840
_d100840